000 00689nam a2200217 4500
003 OSt
005 20240725023020.0
006 a
008 240725b |||||||| |||| 00| 0 eng d
020 _a9780071285308
040 _aDWCL-Main lib.
_cOC
082 _2Ninth edition
_aCirc. 155.2 C891h 2009
100 _aCrandell, Thomas
245 _aHuman development / Boston : McGraw-Hill, c2009
250 _aNinth edition
260 _aBoston :
_bMcGraw-Hill,
_cc2009.
300 _axx,
_b(various paging) : ill. ;
_c28 cm.
504 _aIncludes bibliographical references & indexes.
650 _a1. Development psychology -Textbooks.
942 _2ddc
_n0
_cBK-CIRC
_eNinth edition
_kCirc.
999 _c2704
_d2704